| 000 | 01313cam a2200361 a 4500 | ||
|---|---|---|---|
| 003 | CO-CtgCURN | ||
| 005 | 20250429224147.0 | ||
| 007 | ta | ||
| 008 | 150922s2015 ck gr 000 0 spa | ||
| 015 | _ack-2015-xxxx | ||
| 020 | _a9789584666253 | ||
| 040 |
_aCO-CtgCURN _bspa _ccoctgcurn |
||
| 082 | 0 | 4 |
_a347.861064 _bD331 _223 |
| 100 | 1 | _aRio González, Enrique del. | |
| 245 | 1 | 3 |
_aLa prueba indiciaria penal frente al principio de contradicción / _cEnrique Del Rio González. |
| 260 |
_aCartagena de Indias : _bEnrique del Rio González, _c2015 : _f(Prismagraf) |
||
| 300 |
_a175 p. ; _c24 cm. |
||
| 336 | _2rdacontent | ||
| 337 |
_2rdamedia _asin mediacion _bn |
||
| 338 |
_2rdacarrier _avolumen _bnc |
||
| 504 | _aBibliografia: p. [172]-175. | ||
| 590 | _aDerecho | ||
| 650 | 1 | 4 |
_aPrueba indiciaria _zColombia. |
| 650 | 1 | 4 |
_aDerecho probatorio _zColombia. |
| 650 | 1 | 4 |
_aDerecho penal _zColombia. |
| 917 | 0 |
_a2015-9574 _g2 ejemplares |
|
| 942 |
_cBK _h347.861064 _iD331 _2ddc |
||
| 999 |
_c41224 _d41224 |
||